000
00387nam a22001577a 4500
003
MPLRDC
005
20220104124643.0
008
210129b ||||| |||| 00| 0 eng d
082
_a
326.4 CSH
100
_a
陈舜华编著
245
_a
人造卫星与导弹
_c
260
_a
_b
真知出版社
_c
1970
300
_b
平
650
_a
人造卫星及其轨道
942
_c
BK
_o
326.4 CSH
999
_c
21062
_d
21052